Economics:Principles in action (Record no. 41075)

MARC details
000 -LEADER
fixed length control field 00589nam a2200145 a 4500
008 - FIXED-LENGTH DATA ELEMENTS--GENERAL INFORMATION
fixed length control field 210223s2003 ||||||||||||||||| || u
020 ## - INTERNATIONAL STANDARD BOOK NUMBER
International Standard Book Number 9780130634597
050 ## - LIBRARY OF CONGRESS CALL NUMBER
Classification number HB 171.5 Shef
100 ## - MAIN ENTRY--PERSONAL NAME
Personal name O'Sullivan, Arthur
245 10 - TITLE STATEMENT
Title Economics:Principles in action
Statement of responsibility, etc. By Arthur O'sullivan;Steven M Sheffrin
260 ## - PUBLICATION, DISTRIBUTION, ETC.
Place of publication, distribution, etc. New jersey
Name of publisher, distributor, etc. Pearson Education/Prentice-Hall
Date of publication, distribution, etc. 2003
300 ## - PHYSICAL DESCRIPTION
Extent xvi,592 pages:illustrations
650 #0 - SUBJECT ADDED ENTRY--TOPICAL TERM
Topical term or geographic name entry element ECONOMICS
995 ## - RECOMMENDATION 995 [LOCAL, UNIMARC FRANCE]
-- CBU-MAIN LIBRARY (Kitwe)
-- 1
-- AVAILABLE
-- Mar 29, 2021
-- Main Library Open Access Collection
Holdings
Withdrawn status Lost status Source of classification or shelving scheme Damaged status Not for loan Home library Current library Shelving location Date acquired Total Checkouts Full call number Barcode Date last seen Date last checked out Price effective from Koha item type
          CBU-MAIN LIBRARY, KITWE. CBU-MAIN LIBRARY, KITWE.   11/30/2022 5 HB 171.5 Shef 750849 12/08/2025 12/04/2025 11/30/2022 MONOGRAPH